=LDR 00000nam 2200000 4500 =001 INLIS000000000009487 =005 20130612101257 =008 ***********************************Ind** =035 ##$$0010-061300000009487 =041 ##$$a Ind =082 ##$$a 350 =090 ##$$a 350, Isi. p =100 ##$$a islamny, M. Irfan =245 ##$$a Prinsip-Prinsip Perumusan Kebijaksanaan Negara, M. Irfan Islamny =260 ##$$a 2001 $b Jakarta =300 ##$$a x, 131 hlm, 21 cm =650 ##$$a Administrasi-Negara =850 ##$$a NBPNMAT